01002nam a2200265Ia 4500001000900000003000500009005001700014008004100031010001100072040000900083082001500092100004100107245016000148260004900308300001100357400006100368650004300429650003600472901001500508902000600523905006300529942001500592999001900607952011000626dia_2002CHAP20251023170600.0220117s1997 xx 000 0 und d a172539 cCHAP a634.425 S51 aSchwentesius Rinderman, Rita9151302 aEl Maracuyá-Fruta de la Pasión, Situación y Tendencias de la Producción y el Comercio en México y en el Mundo /c por Rita Schwentesius Rinderman aChapingo, México :b UACh. CIESTAAM,c1997 a245 p. aESTRUCTURA Y DINÁMICA DE LOS SISTEMAS AGROINDUSTRIALES a1.Granada chinaxrendimiento/ 9152038 aGranada chinaxmercado.9152039 a634.425 S5 aM a0000001997 MEXA 0000000000ESP00 cLIBRO2ddc c172539d172539 00102ddc40708GRALaIA_bIA_c1d2022-01-18f1l0pdia_4770r2022-01-18 00:00:00t1w2022-01-18yLIBRO